00552nam a2200193 a 450000100060000000300090000600800410001504000280005608200160008410000420010024500480014226000590019030000220024965000230027165000130029465000130030765000120032065000260033210111CO-ViMGA141112s2004 ck r 000 u spa d aCO-ViMGAbspacCO-ViMGA04a617.95 Q84t1 aQuintero ; Gustavo, Guzman Fernando, 10aTrasplante de Organos : bLecturas Selectas aSantafé de Bogotá : bEdiciones Rosaristas, c1993 a306p. : il. color14aASPECTOS JURIDICOS14aCOLOMBIA14aHISTORIA14aTEJIDOS14aTRASPLANTE DE ORGANOS